| 000 | 00584nam a2200145Ia 4500 | ||
|---|---|---|---|
| 008 | 170221s9999 xx 000 0 und d | ||
| 100 | _aMaria A. Gureva | ||
| 245 | _aManagement of Innovations and Innovative Process: Concept, Essence, Classification and Diffusion | ||
| 245 | _cMaria A. Gureva, Andrey V. Kirillov, Mikhail V. Vinichenko, Aleksandr V. Melnichuk, Yulyia A. Melnychuk | ||
| 260 | _bInternational Review of Management and Marketing | ||
| 260 | _c2012 | ||
| 300 | _a3 : 2 | ||
| 650 | _xMarketing. | ||
| 856 | _uhttp://www.econjournals.com/index.php/irmm/issue/view/86 | ||
| 999 |
_c314049 _d314049 |
||